Risultati dell'Udinese in UEFA Europa League 2011-2012 - Statistics

Statistiche generali
  • Questo quiz è stato fatto 5 volte
  • Il punteggio medio è 3 su 10
Statistiche sulle risposte
Hint Risposta % Corretto
PAOK - Udinese 0-3
80%
Rennes - Udinese 0-0
40%
Udinese - PAOK 0-0
40%
Celtic - Udinese 1-1
40%
Udinese - Rennes 2-1
40%
Atletico Madrid - Udinese 4-0
40%
Udinese - Celtic 1-1
20%
AZ Alkmaar - Udinese 2-0
20%
Udinese - AZ Alkmaar 2-1
20%
Udinese - Atletico Madrid 2-0
0%
Nessun quiz corrispondente trovato
Distribuzione punteggi
Percentuale di utenti per punteggio
Percentile per numero di risposta
I tuoi punteggi nel tempo
Non hai fatto questo quiz